000 00881cam a2200229 4500
001 ABS61737
008 000000n1999 000 0 eng u
035 _a(Sirsi) u103113
100 _aSmalley, S.P.
245 _aMeasuring the convenience of gas stations
260 _c1999
490 _aAppraisal Journal
_v 67(4) October 1999, 339-344(6)
520 _aOne of the principal bases for the valuation of gas stations is sales volume of petrol, as they are usually sold as going concerns. Provides a checklist of features, which measure sales of petrol and can be used when valuing a petrol filling station. US practice.
590 _aABS
650 _aPETROL FILLING STATIONS
650 _aPETROL RETAILING
650 _aVOLUME OF SALES
650 _aVALUATION BASIS
650 _aUNITED STATES
690 _aPROPERTY-PROPERTY APPRAISAL AND VALUATION
942 _n0
999 _c61964
_d61964